[Event "The Masters Cafe "]
[Site "SchemingMind.com"]
[Date "2009.08.03"]
[Round "-"]
[White "mapleleaf"]
[Black "Darko"]
[Result "0-1"]
[WhiteCountry "CAN"]
[BlackCountry "ROU"]
[WhiteElo "2005"]
[WhiteRD "89"]
[BlackElo "2087"]
[BlackRD "70"]
[GameID "214406"]

1. e4 e5 2. Nf3 Nc6 3. Bc4 Nf6 4. d3 Be7 5. O-O O-O 6. Re1 d6 7. a4 Be6 8. Nc3 Qd7 9. a5 a6 10. h3 Rae8
11. Bd2 h6 12. Nd5 Bd8 13. Bb3 Nd4 14. Ba4 c6 15. Nxf6+ Bxf6 16. Nxd4 exd4 17. f4 Bh4 18. Rf1 f5 19. Qh5 Bd8 20. Rae1 Bf7
21. Qxf5 Qxf5 22. exf5 Bh4 23. Rxe8 Rxe8 24. Bb4 Re2 25. Bb3 Bxb3 26. cxb3 c5 27. Ba3 Be1 28. Rf3 Re3 29. Rf1 Bxa5 30. Rc1 Re1+
31. Rxe1 Bxe1 32. Kf1 Ba5 33. Ke2 b5 34. Kf3 b4 35. Ke4 bxa3 36. bxa3 Kf7 37. g4 Bd2 38. h4 a5 39. h5 Kf6 40. Kf3 d5
0-1

[Event "The Masters Cafe "]
[Site "SchemingMind.com"]
[Date "2009.08.02"]
[Round "-"]
[White "Darko"]
[Black "mapleleaf"]
[Result "1-0"]
[WhiteCountry "ROU"]
[BlackCountry "CAN"]
[WhiteElo "2087"]
[WhiteRD "70"]
[BlackElo "2005"]
[BlackRD "89"]
[GameID "214407"]

1. e4 c5 2. Nf3 d6 3. d4 cxd4 4. Nxd4 Nf6 5. Nc3 Nc6 6. Bg5 e6 7. Qd2 a6 8. O-O-O Bd7 9. f4 b5 10. Bxf6 gxf6
11. Kb1 Qb6 12. Nxc6 Bxc6 13. Qe1 O-O-O 14. Bd3 b4 15. Ne2 d5 16. Qh4 Bg7 17. f5 e5 18. Ng3 dxe4 19. Bxe4 Bxe4 20. Qxe4 Bh6
21. Qc4+ Kb8 22. Ne4 Rxd1+ 23. Rxd1 Rd8 24. Rxd8+ Qxd8 25. Qxb4+ Ka8 26. Qd6 Qa5 27. Qc6+ Kb8 28. Qe8+ Ka7 29. Qxf7+ Ka8 30. Qg8+ Ka7
31. Qxh7+ Ka8 32. Qxh6 Qe1+ 33. Qc1 Qxe4 34. Qf1 Kb8 35. Qf2 Kc7 36. a3 Kd7 37. h4 Ke8 38. h5 Qd5 39. h6 Kf8 40. Qh4 Qd1+
41. Ka2 Qd5+ 42. c4
1-0

[Event "The Masters Cafe "]
[Site "SchemingMind.com"]
[Date "2009.08.20"]
[Round "-"]
[White "mi_di"]
[Black "Darko"]
[Result "1-0"]
[WhiteCountry "MEX"]
[BlackCountry "ROU"]
[WhiteElo "2244"]
[WhiteRD "74"]
[BlackElo "2053"]
[BlackRD "70"]
[GameID "216083"]

1. e4 c5 2. Nc3 e6 3. f4 d5 4. d3 d4 5. Nb1 Nf6 6. Nf3 Nc6 7. g3 Be7 8. Bg2 O-O 9. O-O b5 10. c3 dxc3
11. Nxc3 a6 12. h3 Bb7 13. Be3 Qc7 14. e5 Nd5 15. Nxd5 exd5 16. Rc1 d4 17. Bd2 Qd7 18. g4 f5 19. exf6 Rxf6 20. Ng5 Nd8
21. Qb3+ Kh8 22. Bxb7 Qxb7 23. f5 Rh6 24. Rfe1 Qc7 25. Qd5 Qg3+ 26. Qg2 Qxg2+ 27. Kxg2 Ra7 28. Rxc5 Rf6 29. Rc8 Rf8 30. Rxe7 Rxe7
31. Bb4 Re2+ 32. Kf1 Rfe8 33. Rxd8 Rxd8 34. Kxe2 Rc8 35. Kd2
1-0

[Event "The Masters Cafe "]
[Site "SchemingMind.com"]
[Date "2009.08.16"]
[Round "-"]
[White "mi_di"]
[Black "mapleleaf"]
[Result "1-0"]
[WhiteCountry "MEX"]
[BlackCountry "CAN"]
[WhiteElo "2208"]
[WhiteRD "80"]
[BlackElo "2005"]
[BlackRD "89"]
[GameID "216084"]

1. e4 c5 2. Nc3 Nc6 3. g3 g6 4. Bg2 Bg7 5. d3 d6 6. Be3 Rb8 7. Qd2 b5 8. f4 b4 9. Nd1 e6 10. Nf3 Nd4
11. O-O Ne7 12. g4 O-O 13. Qf2 Nec6 14. Nxd4 cxd4 15. Bd2 a5 16. f5 Ne5 17. f6 Bh8 18. g5 Qb6 19. Qh4 Ba6 20. Bf4 Nd7
21. Nf2 h5 22. gxh6 Bxf6 23. Qg3 e5 24. Bd2 Kh7 25. Nh3 Be7 26. Ng5+ Bxg5 27. Qxg5 f6 28. Qh4 Qc7 29. Rac1 Rb7 30. Bh3 Qd8
31. Rf3 a4 32. b3 axb3 33. axb3 d5 34. Rg3 dxe4 35. Bf5 gxf5 36. Rg7+ Kh8 37. Qg3 Nc5 38. Qg6
1-0

[Event "The Masters Cafe "]
[Site "SchemingMind.com"]
[Date "2009.08.20"]
[Round "-"]
[White "Darko"]
[Black "mi_di"]
[Result "0-1"]
[WhiteCountry "ROU"]
[BlackCountry "MEX"]
[WhiteElo "2053"]
[WhiteRD "70"]
[BlackElo "2244"]
[BlackRD "74"]
[GameID "216085"]

1. e4 e5 2. Nf3 Nf6 3. Nxe5 d6 4. Nf3 Nxe4 5. d4 d5 6. Bd3 Bd6 7. O-O O-O 8. c4 c6 9. Re1 Bf5 10. cxd5 cxd5
11. Nc3 Nxc3 12. bxc3 Bxd3 13. Qxd3 Re8 14. Bg5 Rxe1+ 15. Rxe1 Qd7 16. c4 dxc4 17. Qxc4 h6 18. Bh4 Nc6 19. a4 g5 20. Bg3 Bxg3
21. hxg3 Rd8 22. Ne5 Nxe5 23. dxe5 Qd4 24. Qb3 Qd2 25. Rb1 b6 26. e6 Kg7 27. e7 Re8 28. Rd1 Qa5 29. Qb2+ f6 30. Qb3 Rxe7
31. Rd8 Rf7 32. Kf1 Qa6+ 33. Kg1 Qa5 34. Kf1 Qe5 35. Qa2 Qc7 36. Qd2 Qc4+ 37. Kg1 Qxa4 38. Rd4 Qc6 39. Rd6 Qc7 40. Qd4 b5
41. Rd5 a6 42. Qd3 Qb7 43. Qb3 Rd7 44. Rxd7+ Qxd7 45. Qb4 Qc7 46. Kh2 Qc4 47. Qe7+ Kg6 48. Qe8+ Qf7 49. Qe4+ Kg7 50. Qb4 Qc7
51. Kg1 h5 52. Kh2 h4 53. Kh3 hxg3 54. fxg3 Qc4 55. Qe7+ Qf7 56. Qe2 b4 57. Kh2 b3 58. g4 a5 59. Qb5 Qc7+ 60. g3 a4
61. Qxa4 Qc2+ 62. Kh3 Qh7+ 63. Kg2 b2
0-1

[Event "The Masters Cafe "]
[Site "SchemingMind.com"]
[Date "2009.08.19"]
[Round "-"]
[White "mapleleaf"]
[Black "mi_di"]
[Result "0-1"]
[WhiteCountry "CAN"]
[BlackCountry "MEX"]
[WhiteElo "2009"]
[WhiteRD "93"]
[BlackElo "2256"]
[BlackRD "76"]
[GameID "216086"]

1. e4 e5 2. Nf3 Nc6 3. Bc4 Bc5 4. c3 Nf6 5. d4 exd4 6. e5 d5 7. Bb5 Ne4 8. cxd4 Bb6 9. O-O O-O 10. Bxc6 bxc6
11. Be3 Ba6 12. Re1 Ba5 13. Nbd2 Bxd2 14. Bxd2 Rb8 15. Bc3 Re8 16. Qc2 Qe7 17. Rac1 c5 18. dxc5 Qxc5 19. b3 Qe7 20. Bd4 Rbc8
21. Qc6 Qe6 22. Bxa7 Qxc6 23. Rxc6 Bb7 24. Rc2 c5 25. a4 d4 26. Rce2 Nc3 27. Rc2 Be4 28. Rcc1 Bd5 29. Nd2 Re6 30. a5 f6
31. f4 fxe5 32. fxe5 Rg6 33. g3 Kf7 34. Nc4 Ke6 35. Nb6 Rc7 36. Nxd5 Kxd5 37. Bb6 Re7 38. Rc2 Rc6 39. Rec1 Rxe5 40. Rxc3 dxc3
41. Rxc3 Re2 42. h4 Rb2 43. Rf3 Ke4 44. Rf4+ Kd3 45. Rc4 Rc2 46. Ra4 Re2 47. Ra3 Kc3 48. Kf1 Kb2 49. Ra4 Kxb3 50. Ra1 Ra2
51. Rc1 c4 52. Bd4 Rxa5 53. Rc3+ Kb4 54. Bxg7 Ra3 55. Rc1 c3 56. Bf8+ Kb3 57. Bxa3 Kxa3
0-1

[Event "The Masters Cafe "]
[Site "SchemingMind.com"]
[Date "2009.08.26"]
[Round "-"]
[White "Girkassa"]
[Black "Darko"]
[Result "1-0"]
[WhiteCountry "NOR"]
[BlackCountry "ROU"]
[WhiteElo "2253"]
[WhiteRD "82"]
[BlackElo "2053"]
[BlackRD "70"]
[GameID "216910"]

1. d4 d5 2. c4 c6 3. Nf3 Nf6 4. e3 Bf5 5. Nc3 e6 6. Nh4 Bg6 7. Nxg6 hxg6 8. Bd2 Nbd7 9. Qc2 Be7 10. Be2 dxc4
11. Bxc4 O-O 12. O-O c5 13. dxc5 Nxc5 14. Rfd1 Rc8 15. b4 Ncd7 16. Qb3 Nb6 17. Be2 Qc7 18. Rac1 Qb8 19. e4 Rfd8 20. Be3 Qe5
21. f4 Rxd1+ 22. Bxd1 Qb8 23. Be2 Kf8 24. a4 Kg8 25. a5 Nbd7 26. Rd1 Rd8 27. e5 Ne8 28. Bb5 Nf8 29. Rxd8 Qxd8 30. Bxa7 Qd2
31. g3 Nc7 32. Bc4 g5 33. Bb6 Na6 34. f5 Bxb4 35. fxe6 Bxc3 36. e7 Bd4+ 37. Bxd4 Qxd4+ 38. Kf1 Qa1+ 39. Kg2
1-0

[Event "The Masters Cafe "]
[Site "SchemingMind.com"]
[Date "2009.08.23"]
[Round "-"]
[White "Girkassa"]
[Black "mapleleaf"]
[Result "1-0"]
[WhiteCountry "NOR"]
[BlackCountry "CAN"]
[WhiteElo "2302"]
[WhiteRD "84"]
[BlackElo "2075"]
[BlackRD "96"]
[GameID "216912"]

1. d4 Nf6 2. c4 g6 3. Nc3 Bg7 4. e4 d6 5. Nf3 O-O 6. Be2 e5 7. O-O Nc6 8. d5 Ne7 9. b4 h6 10. c5 Ne8
11. Nd2 f5 12. Nc4 f4 13. Bg4 Nf6 14. Bxc8 Rxc8 15. f3 g5 16. a4 Ng6 17. Ba3 Rf7 18. Nb5 a6 19. Nbxd6 cxd6 20. Nxd6 Rfc7
21. Nxc8 Rxc8 22. b5 g4 23. fxg4 Nxe4 24. Qd3 Nxc5 25. Qxg6 Qxd5 26. Bxc5 Qxc5+ 27. Kh1 axb5 28. Rad1 Qc6 29. Rd6 Qc7 30. axb5 Qc4
31. Rfd1 Qxb5 32. Rd8+
1-0

[Event "The Masters Cafe "]
[Site "SchemingMind.com"]
[Date "2009.08.24"]
[Round "-"]
[White "mi_di"]
[Black "Girkassa"]
[Result "1-0"]
[WhiteCountry "MEX"]
[BlackCountry "NOR"]
[WhiteElo "2244"]
[WhiteRD "74"]
[BlackElo "2253"]
[BlackRD "82"]
[GameID "216914"]

1. e4 e5 2. Nf3 Nc6 3. Bb5 a6 4. Ba4 Nf6 5. O-O Be7 6. Re1 b5 7. Bb3 d6 8. c3 O-O 9. h3 Nb8 10. d3 Nbd7
11. Nbd2 Bb7 12. Nf1 Nc5 13. Bc2 Re8 14. Ng3 Bf8 15. b4 Ncd7 16. d4 g6 17. Bd2 Nb6 18. Bb3 Nc4 19. Bxc4 bxc4 20. dxe5 dxe5
21. Bg5 Bg7 22. Nd2 a5 23. Nxc4 axb4 24. Bxf6 Qxf6 25. cxb4 Red8 26. Qc2 Rd4 27. b5 Qe7 28. a4 h5 29. Nd2 Rad8 30. Nf3 Rd3
31. a5 h4 32. Nf1 f5 33. a6 Ba8 34. Qc4+ Kh8 35. a7 Rxf3 36. gxf3 Qg5+ 37. Kh1 Qf4 38. Nh2 Rd2 39. Re2 Rxe2 40. Qxe2 fxe4
41. Rd1 exf3 42. Qd2 Qa4 43. Qd8+ Kh7 44. Ng4 g5 45. Rg1 Qxa7 46. Qxg5 c6 47. Nf6+
1-0

[Event "The Masters Cafe "]
[Site "SchemingMind.com"]
[Date "2009.08.23"]
[Round "-"]
[White "mapleleaf"]
[Black "Girkassa"]
[Result "0-1"]
[WhiteCountry "CAN"]
[BlackCountry "NOR"]
[WhiteElo "2075"]
[WhiteRD "96"]
[BlackElo "2302"]
[BlackRD "84"]
[GameID "216915"]

1. e4 e5 2. Nf3 Nc6 3. Bc4 Nf6 4. d3 Be7 5. O-O O-O 6. Re1 d6 7. a4 Na5 8. Ba2 c5 9. c3 Nc6 10. Na3 Be6
11. Bxe6 fxe6 12. b4 cxb4 13. cxb4 Qd7 14. Qb3 Nh5 15. Be3 Nf4 16. d4 Nh3+ 17. Kf1 Rxf3 18. gxf3 exd4 19. Bd2 Rf8 20. Nc4 d5
21. exd5 Qxd5 22. Re4 d3 23. Na5 Rxf3 24. Qxd5 Rxf2+ 25. Ke1 exd5 26. Nxc6 Bf6 27. Ne7+ Kf8 28. Nxd5 Rxh2 29. Bf4 Rh1+ 30. Kd2 Rxa1
31. Nxf6 gxf6 32. Bd6+ Kf7 33. Re7+ Kg6 34. Kxd3 Rd1+
0-1

[Event "The Masters Cafe "]
[Site "SchemingMind.com"]
[Date "2009.08.30"]
[Round "-"]
[White "joopsim"]
[Black "Darko"]
[Result "1-0"]
[WhiteCountry "NED"]
[BlackCountry "ROU"]
[WhiteElo "2398"]
[WhiteRD "76"]
[BlackElo "2018"]
[BlackRD "73"]
[GameID "217336"]

1. e4 c6 2. d4 d5 3. e5 Bf5 4. Nf3 e6 5. Be2 Nd7 6. O-O Ne7 7. Nh4 Bg6 8. Nd2 c5 9. c3 Nc6 10. Nxg6 hxg6
11. Nf3 Be7 12. g3 Qb6 13. h4 cxd4 14. cxd4 Rc8 15. Rb1 Na5 16. Bg5 Bxg5 17. hxg5 Nc6 18. b4 Rc7 19. Qd2 O-O 20. Kg2 Rfc8
21. Rh1 Ne7 22. Qf4 Kf8 23. Rh8+ Ng8 24. Rbh1
1-0

[Event "The Masters Cafe "]
[Site "SchemingMind.com"]
[Date "2009.08.25"]
[Round "-"]
[White "joopsim"]
[Black "mi_di"]
[Result "1/2-1/2"]
[WhiteCountry "NED"]
[BlackCountry "MEX"]
[WhiteElo "2393"]
[WhiteRD "78"]
[BlackElo "2181"]
[BlackRD "85"]
[GameID "217337"]

1. e4 e5 2. Nf3 Nc6 3. Bb5 a6 4. Ba4 Nf6 5. O-O Be7 6. Re1 b5 7. Bb3 O-O 8. c3 d6 9. h3 Na5 10. Bc2 c5
11. d4 Qc7 12. Nbd2 cxd4 13. cxd4 Nc6 14. a3 a5 15. Bd3 Qb7 16. d5 Nb8 17. a4 bxa4 18. Nc4 Bd7 19. Be3 Na6 20. Nb6 Rab8
21. Nxd7 Nxd7 22. Bxa6 Qxa6 23. Qxa4 Nb6 24. Qxa5 Qxa5 25. Rxa5 Nc4 26. Ra2 Rxb2 27. Rxb2 Nxb2 28. Nd2 Nd3 29. Rb1=
1/2-1/2

[Event "The Masters Cafe "]
[Site "SchemingMind.com"]
[Date "2009.08.25"]
[Round "-"]
[White "joopsim"]
[Black "mapleleaf"]
[Result "1-0"]
[WhiteCountry "NED"]
[BlackCountry "CAN"]
[WhiteElo "2350"]
[WhiteRD "82"]
[BlackElo "2078"]
[BlackRD "108"]
[GameID "217338"]

1. e4 c5 2. Nf3 d6 3. d4 cxd4 4. Nxd4 Nf6 5. Nc3 Nc6 6. Bg5 e6 7. Qd2 a6 8. O-O-O Bd7 9. Be2 h6 10. Bh4 Be7
11. Kb1 Rc8 12. f4 b5 13. a3 O-O 14. g4 Nxe4 15. Nxe4 Bxh4 16. Nxd6 Rc7 17. Nf3 Be7 18. g5 hxg5 19. Nxg5 Bxg5 20. fxg5 Ne5
21. Qe3 Nc4 22. Bxc4 bxc4 23. Ne4 e5 24. Rhg1 f5 25. gxf6 Rxf6 26. Qg5
1-0

[Event "The Masters Cafe "]
[Site "SchemingMind.com"]
[Date "2009.08.26"]
[Round "-"]
[White "joopsim"]
[Black "Girkassa"]
[Result "1-0"]
[WhiteCountry "NED"]
[BlackCountry "NOR"]
[WhiteElo "2398"]
[WhiteRD "76"]
[BlackElo "2249"]
[BlackRD "87"]
[GameID "217339"]

1. e4 e5 2. Nf3 Nc6 3. Bb5 Nf6 4. O-O Nxe4 5. d4 Nd6 6. Bxc6 dxc6 7. dxe5 Nf5 8. Qxd8+ Kxd8 9. Nc3 h6 10. h3 Ne7
11. Be3 Ng6 12. Rad1+ Ke8 13. a3 Be7 14. Rfe1 Nh4 15. Nxh4 Bxh4 16. Ne2 Bd7 17. Nf4 Bf5 18. c4 Rd8 19. g4 Rxd1 20. Rxd1 Bc2
21. Rc1 Bh7 22. Bxa7 b6 23. Ng2 Bg5 24. f4 Be7 25. Rd1 Bc5+ 26. Kh2 Ke7 27. b4 Ra8 28. bxc5 Rxa7 29. f5 Rxa3 30. cxb6 cxb6
31. Rd6 g6 32. f6+ Ke8 33. Rxc6 g5 34. Rxb6 Bg6 35. c5 Ra2 36. c6 Kd8 37. e6 Kc7 38. e7 Be4 39. Rb7+ Kd6 40. Rd7+ Kxc6
41. Rd2
1-0

[Event "The Masters Cafe "]
[Site "SchemingMind.com"]
[Date "2009.08.30"]
[Round "-"]
[White "Darko"]
[Black "joopsim"]
[Result "0-1"]
[WhiteCountry "ROU"]
[BlackCountry "NED"]
[WhiteElo "2018"]
[WhiteRD "73"]
[BlackElo "2398"]
[BlackRD "76"]
[GameID "217340"]

1. d4 d5 2. c4 c6 3. Nf3 Nf6 4. Nc3 e6 5. e3 Nbd7 6. Qc2 Bd6 7. b3 O-O 8. Be2 b6 9. O-O Bb7 10. Bb2 Qe7
11. Rad1 Rad8 12. Rfe1 c5 13. cxd5 exd5 14. Bf1 Rfe8 15. g3 Rc8 16. Qb1 cxd4 17. exd4 Ne4 18. Nxe4 dxe4 19. Nd2 f5 20. Bg2 Nf6
21. Nc4 Bb4 22. Re2 b5 23. Ne5 Nd5 24. Rc1 Nc3 25. Bxc3 Bxc3 26. Rec2 Bxd4 27. Rxc8 Rxc8 28. Rxc8+ Bxc8 29. Nc6 Bxf2+
0-1

[Event "The Masters Cafe "]
[Site "SchemingMind.com"]
[Date "2009.08.25"]
[Round "-"]
[White "mi_di"]
[Black "joopsim"]
[Result "0-1"]
[WhiteCountry "MEX"]
[BlackCountry "NED"]
[WhiteElo "2181"]
[WhiteRD "85"]
[BlackElo "2393"]
[BlackRD "78"]
[GameID "217341"]

1. e4 e5 2. Nf3 Nc6 3. Bb5 a6 4. Ba4 Nf6 5. O-O Be7 6. Re1 b5 7. Bb3 O-O 8. a4 b4 9. d3 d6 10. Nbd2 Rb8
11. c3 Na5 12. Ba2 Bg4 13. d4 c5 14. cxb4 Rxb4 15. d5 Nd7 16. b3 f5 17. h3 fxe4 18. hxg4 exf3 19. Nxf3 e4 20. Ba3 exf3
21. Bxb4 cxb4 22. Re4 fxg2 23. Rc1 Bg5 24. Rc2 Bf4 25. Kxg2 Ne5
0-1

[Event "The Masters Cafe "]
[Site "SchemingMind.com"]
[Date "2009.08.25"]
[Round "-"]
[White "mapleleaf"]
[Black "joopsim"]
[Result "0-1"]
[WhiteCountry "CAN"]
[BlackCountry "NED"]
[WhiteElo "2078"]
[WhiteRD "108"]
[BlackElo "2350"]
[BlackRD "82"]
[GameID "217342"]

1. e4 e5 2. Nf3 Nc6 3. Bc4 Nf6 4. d3 Be7 5. O-O O-O 6. Re1 d6 7. c3 Na5 8. Bb5 a6 9. Ba4 c5 10. d4 b5
11. Bc2 cxd4 12. cxd4 Qc7 13. Nc3 Bg4 14. Nd5 Nxd5 15. exd5 f5 16. dxe5 dxe5 17. d6 Bxd6 18. Qd5+ Kh8 19. Ng5 Bb4 20. Bd2 Rad8
21. Qxd8 Qxd8 22. Bxb4 Qxg5 23. Bxf8 Bh3 24. g3 Qd8 25. Rad1 Qa8 26. Be4 fxe4 27. Be7 Nc6 28. Bh4 Nd4
0-1

[Event "The Masters Cafe "]
[Site "SchemingMind.com"]
[Date "2009.08.26"]
[Round "-"]
[White "Girkassa"]
[Black "joopsim"]
[Result "0-1"]
[WhiteCountry "NOR"]
[BlackCountry "NED"]
[WhiteElo "2249"]
[WhiteRD "87"]
[BlackElo "2398"]
[BlackRD "76"]
[GameID "217343"]

1. d4 d5 2. c4 c6 3. Nf3 Nf6 4. Nc3 e6 5. e3 Nbd7 6. Bd3 dxc4 7. Bxc4 b5 8. Bd3 a6 9. e4 c5 10. d5 Qc7
11. O-O Bb7 12. dxe6 fxe6 13. Bc2 c4 14. Nd4 Nc5 15. Be3 e5 16. Nf5 g6 17. Bg5 Ncxe4 18. Nxe4 Nxe4 19. Bxe4 Bxe4 20. Bf6 gxf5
21. Bxh8 Bd6 22. Bf6 Kf7 23. Bh4 Bd3 24. Qh5+ Kg8 25. Bf6 Qf7 26. Qf3 Re8 27. Qg3+ Kf8 28. Bg5 Bxf1 29. Bh6+ Ke7 30. Qh4+ Kd7
31. Rxf1 f4 32. Bg5 Qf5 33. Qh6 Rg8 34. Rd1 Qg6 35. Qh3+ Kc6 36. a4 Qxg5 37. axb5+ axb5 38. Qf3+ Kc7 39. Qd5 Qg6 40. Ra1 Kb6
0-1

[Event "The Masters Cafe "]
[Site "SchemingMind.com"]
[Date "2009.08.27"]
[Round "-"]
[White "shaykins"]
[Black "joopsim"]
[Result "0-1"]
[WhiteCountry "ISR"]
[BlackCountry "NED"]
[WhiteElo "2263"]
[WhiteRD "95"]
[BlackElo "2398"]
[BlackRD "76"]
[GameID "217624"]

1. e4 e5 2. Nf3 Nc6 3. Bb5 a6 4. Ba4 Nf6 5. O-O Be7 6. Nc3 b5 7. Bb3 d6 8. d3 O-O 9. a4 b4 10. Nd5 Be6
11. a5 h6 12. Bd2 Qd7 13. Re1 Bd8 14. Nxb4 Nxb4 15. Bxe6 fxe6 16. Bxb4 c5 17. Bd2 Rb8 18. b3 Qf7 19. h3 g5 20. Qe2 g4
21. hxg4 Nxg4 22. d4 cxd4 23. Qxa6 Qh5 24. Qd3 Rb7 25. b4 Rbf7 26. Ra3 Rxf3 27. Qxf3 Rxf3 28. Rxf3 Qh2+ 29. Kf1 Qh1+ 30. Ke2 Qxg2
31. Bxh6 Bh4
0-1

[Event "The Masters Cafe "]
[Site "SchemingMind.com"]
[Date "2009.09.01"]
[Round "-"]
[White "shaykins"]
[Black "Darko"]
[Result "1-0"]
[WhiteCountry "ISR"]
[BlackCountry "ROU"]
[WhiteElo "2308"]
[WhiteRD "88"]
[BlackElo "2039"]
[BlackRD "72"]
[GameID "217625"]

1. e4 d5 2. exd5 Qxd5 3. Nc3 Qa5 4. d4 Nf6 5. Nf3 c6 6. Bc4 Bf5 7. O-O e6 8. Bf4 Nbd7 9. a3 Be7 10. Qe2 Bg4
11. Qe3 Nb6 12. Be2 Nbd5 13. Nxd5 Nxd5 14. Qd2 Qxd2 15. Bxd2 O-O 16. h3 Bf5 17. c4 Nc7 18. Bf4 Rac8 19. Rfe1 h6 20. Rad1 Rfd8
21. Ne5 c5 22. Bf3 b6 23. Nc6 Re8 24. Nxa7
1-0

[Event "The Masters Cafe "]
[Site "SchemingMind.com"]
[Date "2009.08.28"]
[Round "-"]
[White "shaykins"]
[Black "mi_di"]
[Result "1/2-1/2"]
[WhiteCountry "ISR"]
[BlackCountry "MEX"]
[WhiteElo "2294"]
[WhiteRD "79"]
[BlackElo "2208"]
[BlackRD "80"]
[GameID "217626"]

1. e4 e5 2. Nf3 Nc6 3. Bb5 a6 4. Ba4 Nf6 5. O-O Be7 6. Nc3 b5 7. Bb3 d6 8. d3 Bb7 9. a4 Na5 10. axb5 Nxb3
11. cxb3 axb5 12. Rxa8 Qxa8 13. Nxb5 O-O 14. Nxc7 Qa5 15. Nd5 Nxd5 16. exd5 Qxd5 17. Re1 Ba6 18. d4 e4 19. Nd2 f5 20. Nc4 Bxc4
21. bxc4 Qxc4 22. Be3 Rb8 23. Qa1 Kf7 24. Rc1 Qb4 25. Qa2+ Qb3 26. Qa5 Rb5 27. Qc7 Qd5 28. Rc2 Rb7 29. Qc8 Qb5 30. Qh8 Qb3
31. Qc8 g6=
1/2-1/2

[Event "The Masters Cafe "]
[Site "SchemingMind.com"]
[Date "2009.08.27"]
[Round "-"]
[White "shaykins"]
[Black "mapleleaf"]
[Result "1/2-1/2"]
[WhiteCountry "ISR"]
[BlackCountry "CAN"]
[WhiteElo "2294"]
[WhiteRD "79"]
[BlackElo "2005"]
[BlackRD "89"]
[GameID "217627"]

1. e4 c5 2. Nf3 d6 3. d4 cxd4 4. Nxd4 Nf6 5. Nc3 Nc6 6. Bg5 e6 7. Qd2 a6 8. O-O-O Bd7 9. f4 b5 10. Bxf6 gxf6
11. Kb1 Qb6 12. Nce2 h5 13. g3 Rc8 14. Bh3 b4 15. Rhe1 Nxd4 16. Nxd4 Rc5 17. Qe3 Be7 18. Bf1 a5 19. Nb3 a4 20. Nxc5 dxc5
21. Bc4 Bc6 22. f5 e5 23. a3 bxa3 24. Qxa3 O-O 25. Qa2 Kg7 26. g4 h4 27. Rd3 Qb4 28. c3 Qb7 29. Bd5 a3 30. c4 Bxd5
31. exd5 axb2 32. Rb3 Qc7 33. h3 Bd6 34. Kxb2 e4 35. Rxe4 Be5+ 36. Kb1 Rb8 37. Rxb8 Qxb8+ 38. Kc2 Bd4 39. Re2 Qf4 40. Qb3 Qf1
41. Rd2=
1/2-1/2

[Event "The Masters Cafe "]
[Site "SchemingMind.com"]
[Date "2009.08.27"]
[Round "-"]
[White "shaykins"]
[Black "Girkassa"]
[Result "1/2-1/2"]
[WhiteCountry "ISR"]
[BlackCountry "NOR"]
[WhiteElo "2297"]
[WhiteRD "83"]
[BlackElo "2253"]
[BlackRD "82"]
[GameID "217628"]

1. e4 e5 2. Nf3 Nc6 3. Bb5 Nf6 4. O-O Nxe4 5. d4 Nd6 6. Bxc6 dxc6 7. dxe5 Nf5 8. Qxd8+ Kxd8 9. Nc3 h6 10. b3 Bd7
11. Bb2 Kc8 12. Rad1 b6 13. Ne2 c5 14. Rd3 Be7 15. Nf4 Re8 16. Rfd1 Bc6 17. Nd5 Bf8 18. c4 Kb7 19. Ne1 Rad8 20. Nc2 Rd7
21. Nce3 Nxe3 22. Rxe3 Red8 23. Rf3 Bxd5 24. cxd5 Rxd5 25. Rxd5 Rxd5 26. Kf1 Rd1+ 27. Ke2 Rd7 28. e6 Re7 29. Rxf7 Rxf7 30. exf7 Kc6
31. Kf3 Kd5 32. g4 Ke6 33. h4 g6 34. Bc1 Kxf7 35. Bf4 c6 36. h5 gxh5 37. gxh5 Ke6 38. Ke4 b5 39. Be3 a6 40. f3 a5
41. Bd2 a4 42. bxa4 bxa4 43. Be3 c4 44. Kd4 c3 45. Kxc3=
1/2-1/2

[Event "The Masters Cafe "]
[Site "SchemingMind.com"]
[Date "2009.08.28"]
[Round "-"]
[White "joopsim"]
[Black "shaykins"]
[Result "1-0"]
[WhiteCountry "NED"]
[BlackCountry "ISR"]
[WhiteElo "2350"]
[WhiteRD "82"]
[BlackElo "2313"]
[BlackRD "95"]
[GameID "217629"]

1. e4 c5 2. Nf3 d6 3. d4 cxd4 4. Nxd4 Nf6 5. Nc3 g6 6. Be3 Bg7 7. f3 O-O 8. Qd2 Nc6 9. Bc4 Bd7 10. O-O-O Rc8
11. Bb3 Ne5 12. Kb1 a6 13. h4 b5 14. h5 Nxh5 15. g4 Nf6 16. Bh6 Bxh6 17. Qxh6 Rxc3 18. g5 Nh5 19. Rxh5 gxh5 20. Rh1
1-0

[Event "The Masters Cafe "]
[Site "SchemingMind.com"]
[Date "2009.09.01"]
[Round "-"]
[White "Darko"]
[Black "shaykins"]
[Result "0-1"]
[WhiteCountry "ROU"]
[BlackCountry "ISR"]
[WhiteElo "2039"]
[WhiteRD "72"]
[BlackElo "2308"]
[BlackRD "88"]
[GameID "217630"]

1. e4 c5 2. Nf3 d6 3. d4 cxd4 4. Nxd4 Nf6 5. Nc3 g6 6. Be3 Bg7 7. f3 O-O 8. Qd2 Nc6 9. O-O-O Nxd4 10. Bxd4 Be6
11. Kb1 Qc7 12. h4 h5 13. g4 hxg4 14. h5 gxh5 15. Qg5 Rfc8 16. Bd3 Qd8 17. Bxf6 exf6 18. Qxh5 Rxc3 19. bxc3 Qb6+ 20. Qb5 Qxb5+
21. Bxb5 gxf3 22. Rdf1 d5 23. exd5 Bxd5 24. c4 Be4 25. Rh4 f5 26. Rf4 Rd8 27. a3 Rd2 28. Ba4 Be5 29. R4xf3 Bxf3 30. Kc1 Bg2
31. Rxf5 Bc3 32. Be8 Be4
0-1

[Event "The Masters Cafe "]
[Site "SchemingMind.com"]
[Date "2009.08.28"]
[Round "-"]
[White "mi_di"]
[Black "shaykins"]
[Result "1/2-1/2"]
[WhiteCountry "MEX"]
[BlackCountry "ISR"]
[WhiteElo "2256"]
[WhiteRD "76"]
[BlackElo "2299"]
[BlackRD "86"]
[GameID "217631"]

1. e4 c5 2. Nc3 Nc6 3. g3 g6 4. Bg2 Bg7 5. d3 Nf6 6. f4 d6 7. Nf3 Nd4 8. O-O Bg4 9. Be3 Qc7 10. a4 O-O
11. Kh1 e6 12. h3 Bxf3 13. Bxf3 Nxf3 14. Qxf3 Qb6 15. Rab1 Qc6 16. f5 Rae8 17. Bg5 h6 18. Bxf6 Bxf6 19. Kh2 b6 20. fxe6 fxe6
21. Qe3 Bg7 22. Rbe1= Kh7 23. Qd2 Bxc3 24. Qxc3 Qxa4 25. Ra1 Qd7 26. b4 Rf7 27. bxc5 dxc5 28. e5 Ref8 29. Rf6 a5 30. Raf1 Kg7
31. Qb2 Qd8 32. Kg2 g5 33. g4 a4 34. R1f3 Rxf6 35. exf6+ Rxf6 36. Rxf6 Qxf6 37. Qxb6 Qe7 38. Qa6 Qd7 39. Kf3 Kg6 40. Ke2 h5
41. Qc4 Qc6 42. gxh5+ Kxh5 43. Qg4+ Kh6 44. h4 gxh4 45. Qxh4+ Kg6 46. Qg3+ Kf7 47. Kd2 Ke7 48. Qh4+ Kd7 49. Qf4 Kc8 50. Qf7 Kb8
51. Kc3 Qb5 52. Qf8+ Kc7 53. Qe7+ Kb8 54. Qd8+ Kb7 55. Qe7+ Ka8=
1/2-1/2

[Event "The Masters Cafe "]
[Site "SchemingMind.com"]
[Date "2009.08.28"]
[Round "-"]
[White "mapleleaf"]
[Black "shaykins"]
[Result "0-1"]
[WhiteCountry "CAN"]
[BlackCountry "ISR"]
[WhiteElo "2018"]
[WhiteRD "89"]
[BlackElo "2297"]
[BlackRD "83"]
[GameID "217632"]

1. e4 c5 2. Nf3 d6 3. d4 cxd4 4. Nxd4 Nf6 5. Nc3 g6 6. Be3 Bg7 7. f3 O-O 8. Qd2 Nc6 9. Bc4 Ne5 10. Bb3 Bd7
11. O-O-O a5 12. a4 Rc8 13. Qe2 Re8 14. Ndb5 Be6 15. Nd5 Nfd7 16. h4 Nc5 17. Kb1 Nxb3 18. cxb3 f5 19. Bb6 Qd7 20. Nbc7 Bxd5
21. Nxd5 fxe4 22. Qxe4 e6 23. Nc3 d5 24. Qe2 Qf7 25. Bxa5 Nc6 26. Bb6 Nb4 27. Rc1 Qf5+ 28. Ka1 Qd3 29. Qxd3 Nxd3 30. Rcd1 Nxb2
31. Kxb2 Bxc3+ 32. Kb1 Rc6 33. Rd3 e5 34. Bf2 e4 35. Rxd5 exf3 36. gxf3 Re2 37. Bc5 Rb2+ 38. Kc1 b6 39. Rd8+ Kf7 40. Rd7+ Ke6
41. Rd3 Be5 42. Rd6+ Rxd6 43. Bxd6 Kxd6 44. Rd1+ Kc5 45. Re1 Bd4 46. Re7 Rxb3 47. Rxh7 Rxf3 48. Kd2 Kc4 49. Ke2 Rf2+ 50. Ke1 Rh2
51. Rh6 Kd3 52. Kf1 Rf2+ 53. Ke1 Rf4 54. Rxg6 Bc3+
0-1